BUBT Library Online Catalog

Marketing Theory/ (Record no. 1886)

000 -LEADER
fixed length control field 00583nam a2200217Ia 4500
003 - CONTROL NUMBER IDENTIFIER
control field BUBTL
008 - FIXED-LENGTH DATA ELEMENTS--GENERAL INFORMATION
fixed length control field 151213s9999 xx 000 0 und d
020 ## - INTERNATIONAL STANDARD BOOK NUMBER
International Standard Book Number 0-256-02847-8
082 ## - DEWEY DECIMAL CLASSIFICATION NUMBER
Classification number 658.8/HUM
100 ## - MAIN ENTRY--PERSONAL NAME
Personal name Hunt, Shelby D.
9 (RLIN) 2682
245 ## - TITLE STATEMENT
Title Marketing Theory/
Statement of responsibility, etc. Shelby D. Hunt
260 ## - PUBLICATION, DISTRIBUTION, ETC. (IMPRINT)
Place of publication, distribution, etc. Homewood, Iuinois
Name of publisher, distributor, etc. Irwin
Date of publication, distribution, etc. 1983
300 ## - PHYSICAL DESCRIPTION
Extent [xvii],515p.:
Other physical details 25cm.
500 ## - GENERAL NOTE
General note Includes Index
650 ## - SUBJECT ADDED ENTRY--TOPICAL TERM
Topical term or geographic name as entry element Marketing
9 (RLIN) 2683
650 ## - SUBJECT ADDED ENTRY--TOPICAL TERM
Topical term or geographic name as entry element Marketing
9 (RLIN) 2683
700 ## - ADDED ENTRY--PERSONAL NAME
Personal name Shelby D. Hunt
9 (RLIN) 2684
856 ## - ELECTRONIC LOCATION AND ACCESS
Password 0
Logon 0
Link text Download
942 ## - ADDED ENTRY ELEMENTS (KOHA)
Source of classification or shelving scheme
Koha item type Books
Holdings
Withdrawn status Lost status Source of classification or shelving scheme Damaged status Not for loan Collection code Permanent location Current location Shelving location Date acquired Inventory number Total Checkouts Full call number Barcode Date last seen Copy number Price effective from Koha item type
          Non-fiction Bangladesh University of Business and Technology Library Bangladesh University of Business and Technology Library Marketing Stacks 12/21/2019 2675   658.8/HUM BUBTL-20032675 12/21/2019 C-1 12/21/2019 Books

More Information About Library

Library Hours

  • Open: 9.00 am. to 9.00 pm.
  • Only Sunday: 9.00 am. to 6.00 pm.
  • Closed: Holiday

Contact to the University

Bangladesh University of Business and Technology Library

  • Mirpurl-2, 1216.
  • Phone:
  • Fax:
  • E-Mail: admin.library@bubt.edu.bd

Contact to the Library

Contact Person:

Md. Abdul Hakim Shah
Joint Librarian
PABX No:  113
Cell No: 01816332931
E-mail: official: admin.library@bubt.edu.bd
Personal: hakim.shah@bubt.edu.bd


BUBT Library

Copyright © 2021